Warszawska WKD-ka przystanki - Statystyki

Ogólne statystyki
  • Ten quiz został rozwiązany 39 razy
  • Średni wynik to 5 z 8
Statystyki odpowiedzi
Dzielnica Odpowiedź % Poprawnych
Opacz Opacz
100%
Włochy Warszawa Salomea
67%
Ochota/Włochy Warszawa Aleje Jerozolimskie
58%
Włochy Warszawa Raków
58%
Ochota Warszawa Ochota WKD
56%
Ochota Warszawa Reduta Ordona
56%
Śródmieście Warszawa Śródmieście WKD
56%
Ochota Warszawa Zachodnia WKD
50%
Nie znaleziono quizów pasujących do podanych kryteriów
Rozkład punktacji
Procent ludzi z każdym wynikiem
Percentyl według liczby udzielonych odpowiedzi
Twoja historia wyników
Nie rozwiązałeś tego quizu